000 00611nam a22001697a 4500
082 _a363.738007
_bKEN
_cN-01 , P-117
100 _aKennedy, Michael.,
_938086
245 _aThe global positioning system and GIS an introduction
_cMichael, Kennedy.
260 _aAmerica
_bCRC Press LLC (Boca Raton, London, New York, Washington.).
_cc2002.
300 _axxxii, 345 p. :
_bill. :
526 _a0
_b0
_c0
_d363_738007000000000_KEN
526 _a0
_b0
_c0
_d363_738008000000000_KEN
526 _a0
_b0
_c0
_d363_738009000000000_KEN
526 _a0
_b0
_c0
_d363_738010000000000_KEN
650 _aN
_938087
942 _2ddc
_cBK
999 _c542762
_d542762